[Event "FIDE World Cup"]
[Site "Khanty Mansiysk"]
[Date "2019.09.12"]
[Round "1.1"]
[White "Iturrizaga Bonelli, Eduardo"]
[Black "Adhiban, Baskaran"]
[Result "0-1"]
[WhiteElo "2626"]
[BlackElo "2639"]
[Annotator "Adhiban,B"]
[PlyCount "88"]
[EventDate "2019.09.10"]
[EventType "k.o."]
[EventRounds "7"]
[EventCountry "RUS"]
[SourceTitle "CBM 192"]
[Source "ChessBase"]
[SourceDate "2019.10.31"]
[SourceVersion "1"]
[SourceVersionDate "2019.10.31"]
[SourceQuality "1"]

{This game is very special to me because after a long time I managed to win a
classical game in the World Cup as somehow unknowingly I was preferring to
take the fight to tiebreaks! Not to mention that I was battling a terrible
viral fever...} 1. c4 {English was quite popular in the World Cup with many
top level clashes featuring this.} e5 2. Nc3 ({Once Hari asked me if I
intended to go 2...Bb4 also after} 2. g3 Nc6 (2... Bb4 $5 {Only the future
will tell :).}) 3. Bg2 h5 $5 {was used by Wei Yi when he was in a desperate
situation to equalize the score from the black side in the 2nd round match.} 4.
h3 d6 5. Nc3 h4 6. g4 f5 7. gxf5 Bxf5 8. d3 Nf6 9. Nf3 Be7 10. d4 Qd7 11. dxe5
dxe5 12. Qxd7+ Nxd7 13. O-O O-O-O 14. Nd5 Bf6 15. Be3 e4 16. Nd2 Rhe8 17. Nxf6
gxf6 18. Rac1 Nf8 19. Nb1 Bh7 20. Nc3 f5 21. Nd5 Ne6 22. Rcd1 Rf8 23. f4 Rd7
24. Bf2 Rg7 25. Bxh4 Ncd4 26. Rd2 c6 27. Ne3 Bg6 28. Kh2 Bh5 29. Rf2 Rd7 30.
Bf1 a5 31. Ng2 a4 32. Kh1 Rh7 33. Bg5 c5 34. h4 Re8 35. Ne3 Reh8 36. Rh2 Nxg5
37. fxg5 f4 38. Nd5 e3 39. Rxd4 cxd4 40. Nxf4 Be8 41. Kg2 Rxh4 42. Rxh4 Rxh4
43. Kg3 Rh1 44. Bh3+ Kc7 45. Ne6+ Kd6 46. Nxd4 Rb1 47. Kf4 Rxb2 48. Bf5 Rxa2
49. g6 a3 50. g7 Bf7 51. Bh7 Rxe2 52. Nb5+ Kc5 53. Nxa3 Ra2 {0-1 (53) Anton
Guijarro,D (2674)-Wei,Y (2721) Khanty-Mansiysk RUS 2019}) 2... Bb4 3. Nd5 ({
The only other game in the same line from the World Cup continued} 3. Qc2 Nf6
4. Nf3 Nc6 5. Nd5 Bc5 6. e3 d6 7. a3 Bb6 8. Nxf6+ Qxf6 9. Bd3 a5 10. Be4 a4 11.
O-O Bd7 12. Rd1 h6 13. d4 exd4 14. exd4 Nxd4 15. Nxd4 Bxd4 16. Bxb7 Rb8 17.
Qe4+ Kd8 18. Qxd4 Qxd4 19. Rxd4 Rxb7 20. c5 dxc5 21. Rd5 c4 22. Be3 Kc8 23. Bd4
f6 24. Bc3 Rb5 25. Rxb5 Bxb5 26. Re1 Re8 27. Rxe8+ Bxe8 28. Bb4 h5 29. Bf8 g6
30. Bg7 c3 31. bxc3 {1/2-1/2 (31) Giri,A (2780)-Najer,E (2635) Khanty-Mansiysk
RUS 2019}) 3... a5 ({I had twice tried} 3... Na6 {with a 50% score.}) 4. Nf3 d6
5. a3 Bc5 6. e3 c6 7. Nc3 Nd7 8. Qc2 $5 {Itu prefers to forge his own path.} (
8. d4 {is the usual move.} Ba7 9. Ne4 Bb8 10. d5 Ngf6 11. dxc6 Nxe4 12. cxd7+
Bxd7 13. b3 Bc6 {Black went on to win in Nepomniachtchi-Anand, Moscow 2018.})
8... Qe7 {I thought this was very clever, preventing the d4-Bd3 idea, but it
wasn't a great plan. I should actually have encouraged him to do it (not
stopped it :)). Later on I really didn't want the queen on e7, it was much
better placed on its origin square!} (8... Ngf6 $132 {Most of the time... the
natural move is the best.}) 9. Be2 Ngf6 10. d4 Ba7 (10... Bb6 {was definitely
a better place for the bishop and also it prevents b4 for the time being.} 11.
O-O O-O) 11. O-O Bb8 $5 {I didn't want to allow b4 without at least opening
the a-file for my rook.} (11... O-O 12. b4 {and White will expand on the
queenside while I have to create play on the kingside.}) 12. b3 (12. d5 O-O {
doesn't look so bad for me though White should be preferred.}) 12... O-O 13. a4
{Now the drawback of the queen on e7 is clear, but surprisingly after this
White's advantage disappears...} (13. d5 $1 {was stronger, with advantage.})
13... Re8 14. Ba3 {If only the queen was on d8!} e4 15. Nd2 Nf8 {I just
decided to continue improving my pieces and kept a steady pace.} (15... Bc7 {
[%cal Gd7b8,Gb8a6,Ga6b4] followed by Nb8-a6-b4 was a long strategic plan which
I felt was way too slow.}) 16. Rfe1 (16. Rae1 $5 {followed by f3 looked like a
better option.} Bf5 17. Qc1 {[%cal Gf2f3]} Bc7 {with a good game for Black.} (
17... Ne6 18. f3 Ng5 {was one way to keep the hold on e4.})) 16... Bf5 {
The main difference compared to the King's Indian Attack is the placement of
the dark-squared bishop, so I was eager to somehow activate it.} 17. Nf1 Qe6 $5
{Preparing d5 and provoking White into doing the same :).} ({Comp likes the
typical kingside thrust} 17... h5 $1 {with a good game for Black.}) 18. d5 (18.
Ng3 Bg6 (18... d5 $5 {was also interesting bringing the b8-bishop into play!})
19. d5 Qe7 {followed by N8d7-c5.}) 18... Qe7 $1 19. f4 (19. Ng3 Bg6 {is also
fine.}) 19... exf3 20. Qxf5 fxe2 21. Rxe2 N8d7 {The knight will have a nice
outpost on c5.} 22. Rd1 Nc5 23. Nd2 Ba7 24. Kh1 {Itu was really playing on
seconds here.} Rad8 {Activate all your pieces!} 25. Bb2 Qe5 (25... Qd7 $5 {
was a stronger way to force the queen exchange.} 26. Qc2 Qg4 $17) 26. Qc2 (26.
Qf3 Qh5 $1 {Exchanging the queen is favourable for me as then the weakness
will be easier to target.}) 26... Ng4 27. Nf1 (27. Nf3 Nxe3 $1 {works.} ({
Another strong option was} 27... Qh5) 28. Nxe5 (28. Qc1 Nxb3 29. Nxe5 Nxc1) (
28. Qd2 Nxb3) 28... Nxc2 29. Nxc6 ({I missed} 29. dxc6 $1 {which was
equalising on the spot!}) 29... Rxe2 30. Nxd8 Re8 $1 {[%csl Rd8] Trapping the
knight.}) 27... Qg5 $1 {Not allowing a moment of peace!} 28. e4 Qh4 {
Threatening ...Nxe4!} 29. Rdd2 (29. Rde1 Nd3 $1 30. Qxd3 Nf2+ 31. Rxf2 Qxf2 {
wins on the spot.}) 29... f5 $1 {I felt it was time to cash in!} 30. exf5 Rxe2
(30... Nd3 31. Qxd3 $1 Rxe2 32. Qxe2 {I saw this defence and decided to aim
for the game continuation.} Nf2+ 33. Kg1 {with a draw.}) ({I did feel that} 
30... Nxb3 {should also work, but since I had already calculated that 30...Nd3
was winning I decided to go for it.}) 31. Rxe2 Nd3 $1 32. Nd1 Ndf2+ 33. Nxf2
Nxf2+ 34. Kg1 {I was quite surprised to find that I can't really profit from
the disco.} Nh3+ 35. Kh1 Qf4 $1 {Forcing discoordination among White's forces.}
36. Ng3 Nf2+ 37. Rxf2 Qxf2 {I felt this to be the easier solution.} (37... Bxf2
{should also work:} 38. Nh5 Qe3 39. Qd1 Re8 {[%cal Ge3e1] winning.}) 38. Qxf2
Bxf2 39. Nh5 (39. Ne4 Re8 $1) 39... cxd5 40. cxd5 Rc8 $1 {A strong restricting
move.} 41. g4 Rc7 $1 {There is no need to give up the g7-pawn as White is
lacking any active counterplay and it is not easy to get the b2-bishop into
play.} 42. h3 (42. f6 g6 $1) (42. Kg2 Rc2 $1) 42... Be1 $1 43. Bd4 Rc1 44. Kg2
Bc3 {A nice game with only one major mistake on my part which was 8...Qe7!} 0-1

[Event "Gibraltar Masters 17th"]
[Site "Caleta"]
[Date "2019.01.27"]
[Round "6"]
[White "Adhiban, Baskaran"]
[Black "Henderson de la Fuente, Lance"]
[Result "1-0"]
[WhiteElo "2689"]
[BlackElo "2489"]
[Annotator "Adhiban,B"]
[PlyCount "79"]
[EventDate "2019.01.22"]
[EventType "swiss"]
[EventRounds "10"]
[EventCountry "GGB"]
[SourceTitle "CBM 188 Extra"]
[Source "ChessBase"]
[SourceDate "2019.02.26"]
[SourceVersion "1"]
[SourceVersionDate "2019.02.26"]
[SourceQuality "1"]

1. c4 e5 2. Nc3 d6 3. g3 f5 4. d4 Be7 5. Bh3 $5 ({I was contemplating whether
to play like Wesley...} 5. dxe5 dxe5 6. Qxd8+ Bxd8 7. b3 {But decided against
it as Black's play is not that difficult. (Wesley-AD Tata Steel 2018)}) 5...
Na6 6. dxe5 $1 {A logical improvement. Now entering the endgame is much more
juicy!} ({My opponent was counting on the following game:} 6. a3 c6 7. dxe5
dxe5 8. Qc2 e4 9. f3 Nf6 10. fxe4 fxe4 11. Bxc8 Rxc8 12. Nxe4 Nxe4 13. Qxe4 O-O
14. Nf3 Bf6 15. Rb1 Re8 16. Qc2 Qe7 17. g4 Nc5 18. g5 Qd7 19. gxf6 Nd3+ 20. Kf1
Qh3+ 21. Kg1 Qg4+ 22. Kf1 Qh3+ 23. Kg1 Qg4+ {1/2-1/2 (23) Giri,A (2762)
-Vallejo Pons,F (2705) Palma de Mallorca ESP 2017}) 6... dxe5 7. Qxd8+ Bxd8 8.
Nf3 {Utilising the drawback of the last move Na6 as now it is not so easy to
protect the e5-pawn.} Nb4 9. O-O Nc2 (9... e4 10. Nd4 {is not great for Black
either.}) 10. Rb1 e4 11. Nh4 (11. Ne1 Nxe1 12. Rxe1 Nf6 {didn't look so scary
for Black.}) 11... Ne7 (11... Bxh4 12. gxh4 $16 {The threat of Nd5/b5 is not
easy to meet.}) 12. Bg5 Rf8 13. Rbd1 (13. b4 $5 {was possibly stronger, using
the rook placed on the b-file.} Nd4 (13... a5 14. b5) (13... Na3 14. Rbd1) 14.
Rbd1 Ndc6 15. b5 Ne5 16. Rxd8+ Kxd8 17. Nd5 {is one sample line.}) 13... Nb4
14. f3 $5 {Bringing all pieces into play, this was the reason why I chose Rbd1
over Rfd1.} exf3 15. Rxf3 (15. exf3 {was another possibility.} Nbc6 16. Rfe1
Kf7 {I didn't see a clear way to crash through.}) 15... Nbc6 {I was stuck at
this position for some time, but eventually managed to find a way out :).} 16.
Nd5 Nxd5 17. Bxd8 Nxd8 18. Rxd5 $1 {This important candidate move was what I
missed initially.} (18. cxd5 g6 {Black has sufficient defensive resources here.
}) 18... g6 19. e4 {Winning a pawn by force.} c6 20. Rd1 {This looked stronger
practically.} ({Another option was} 20. Re5+ Kf7 21. exf5 g5 22. Ng2 Kf6 23.
Re1 h5 (23... Nf7 24. Re6+ $5) 24. g4 hxg4 25. Bxg4 Nf7 $16) 20... f4 21. Bxc8
Rxc8 22. gxf4 Ne6 23. f5 Rd8 (23... Ng5 24. Re3 $16 {with an extra pawn.}) 24.
Rxd8+ Nxd8 25. Kf2 {This looked natural activating the king.} (25. fxg6 Rxf3
26. Nxf3 hxg6 27. Ng5 {looked interesting but I decided against it.}) 25...
gxf5 26. Nxf5 Kd7 27. Ke3 Ne6 28. Nd4 $1 {I felt it was time to enter the
knight endgame.} (28. Rh3 {also looked like a good option.} Rf7 29. Rh6) 28...
Rxf3+ 29. Nxf3 Kd6 (29... Nc5 30. b3 $5 {Restricting the knight!} (30. Kd4 {
[%cal Gd4e5] is also good.} b6 31. b4 Ne6+ 32. Ke5 $18)) 30. b4 $1 (30. e5+ Kc5
31. b3 {should also win.}) 30... Ke7 31. e5 Kf7 32. Ke4 Kg6 33. h4 $1 {
Preventing Ng5 and preparing Nd4.} h6 34. Nd4 (34. h5+ Kxh5 35. Kf5 Ng7+ 36.
Kf6 Ne8+ 37. Kf7 Nc7 38. Nd4 Kg4 39. e6 h5 {wasn't clear.}) 34... Ng7 35. a4 $1
{I decided to improve my pawn structure on the queenside and also giving Black
the move.} Ne8 (35... Kh5 36. e6 {is hopeless.}) ({Possibly the best try was} 
35... a6 36. a5 Ne8 37. Ne6 Kh5 38. Nc5 (38. Kf5 Kxh4 39. Kg6 Kg4 40. Kf7 Kf5)
38... Kxh4 39. Kf4 $5 $18 {Opposition!}) 36. b5 $1 (36. Ne6 Kh5 37. Kf5 Kxh4
38. Kg6 Kg4 39. Kf7 (39. Kxh6 Kf5) 39... Kf5 $1 {was a nice trick for Black.})
36... cxb5 (36... c5 37. Ne6) 37. axb5 a5 (37... b6 38. Nc6) 38. b6 $1 {
Now c5-c6 is unstoppable...} a4 39. c5 a3 40. c6 1-0

[Event "Malmo2"]
[Site "Malmo"]
[Date "1993.??.??"]
[Round "?"]
[White "Schwartzman, Gabriel"]
[Black "Agrest, Evgenij"]
[Result "0-1"]
[WhiteElo "2455"]
[BlackElo "2465"]
[Annotator "Agrest,E"]
[PlyCount "88"]
[EventDate "1993.??.??"]
[EventType "tourn"]
[EventRounds "9"]
[EventCountry "SWE"]
[SourceTitle "CBM 040"]
[Source "ChessBase"]
[SourceDate "1994.06.01"]
[SourceVersion "1"]
[SourceVersionDate "1994.06.01"]
[SourceQuality "1"]

1. c4 e5 2. Nc3 d6 3. Nf3 f5 4. d4 e4 5. Ng5 c6 6. Nh3 Be7 7. g3 Nf6 8. Bg2 O-O
9. O-O Kh8 $1 10. d5 Nbd7 11. b3 Ne5 12. Bb2 Rb8 $1 $146 (12... Qe8) (12... Bd7
13. Qd2 cxd5 14. Nxd5 Nxd5 15. Qxd5 Bc6 16. Qd2 Ng6 17. Rad1 Qe8 $13 {Nikolic,
Pr-Hansen,C/Wijk/1994/}) 13. dxc6 bxc6 14. c5 Neg4 15. cxd6 Bxd6 $13 16. Qc2
Qe7 17. Rad1 (17. Rfd1 $5) 17... Ba6 18. Bc1 Rbc8 {/\ c5-c4} 19. Rfe1 {/\ f3}
Be5 $1 20. Na4 Nd5 21. Bg5 Bf6 (21... Ngf6 22. f3 $5 h6 23. fxe4 Nb4 (23...
fxe4 24. Bxf6 Nxf6 (24... Qxf6 25. Qxe4) 25. Nc5 $1) 24. Bxf6 $1) 22. Bxf6
Ngxf6 23. Qc5 $6 Qc7 24. Ng5 Rfe8 25. Qc1 h6 26. Nh3 c5 27. Nf4 $6 (27. Nc3
$142) 27... Nxf4 28. Qxf4 Qxf4 29. gxf4 Re6 $1 $15 30. Rd2 $6 (30. Nb2 $142)
30... c4 $1 $17 {x Na4} 31. Rc1 cxb3 32. Rxc8+ Bxc8 33. axb3 (33. Rd8+ Kh7 $1
34. Rxc8 bxa2 35. Rc1 Ra6 $19) 33... Rc6 34. h3 $138 Be6 35. Rb2 Nd5 36. e3
Rc1+ 37. Bf1 (37. Kh2 Nb4 $19) 37... Nb4 $1 $19 38. Kg2 Nd3 39. Bxd3 exd3 40.
b4 Bd5+ 41. Kg3 (41. f3 Rc2+) 41... Rg1+ 42. Kh2 (42. Kh4 Bf3 {/\ g5}) 42...
Rg2+ 43. Kh1 Rxf2+ 44. Kg1 Rc2 $1 0-1

[Event "Olympiad-32"]
[Site "Yerevan"]
[Date "1996.09.26"]
[Round "10.2"]
[White "Alterman, Boris"]
[Black "Van der Wiel, John"]
[Result "1-0"]
[WhiteElo "2590"]
[BlackElo "2535"]
[Annotator "Alterman,B"]
[PlyCount "85"]
[EventDate "1996.09.15"]
[EventType "team-swiss"]
[EventRounds "14"]
[EventCountry "ARM"]
[SourceTitle "CBM 055"]
[Source "ChessBase"]
[SourceDate "1996.12.01"]
[SourceVersion "1"]
[SourceVersionDate "1996.12.01"]
[SourceQuality "1"]
[WhiteTeam "Israel"]
[BlackTeam "Netherlands"]
[WhiteTeamCountry "ISR"]
[BlackTeamCountry "NED"]

1. c4 e5 2. Nc3 d6 3. g3 f5 4. Bg2 Nf6 5. d3 c6 (5... Be7 6. Nf3 Nbd7 7. b4 a5
8. b5 h6 9. Qc2 g5 10. Bb2 Nf8 11. c5 Ne6 12. Na4 g4 13. Nh4 Nd4 14. Bxd4 exd4
15. Ng6 Rg8 16. Nf4 Rb8 17. O-O dxc5 18. Nxc5 Qd6 19. Rac1 Rg7 20. Qb3 Bf8 21.
Rfe1 Re7 22. Ng6 Rg7 23. e4 dxe3 24. Rxe3+ Be7 25. Nf4 Rf7 26. Nce6 c6 27. bxc6
bxc6 28. Bxc6+ Bd7 29. Bxd7+ Nxd7 30. Qa4 {Alterman,B-Van Der Wiel,J/NED(m)/
1995/1:0/30/}) 6. Nf3 Na6 7. O-O Be7 8. Rb1 O-O 9. b4 Nc7 10. b5 (10. c5 Kh8 $1
11. cxd6 Bxd6 12. b5 Bd7 13. a4 Qe8 14. Nd2 Ncd5) 10... c5 11. Bg5 Ng4 $5 (
11... Ne6 12. Bxf6 Bxf6 13. Nd5 $14) 12. Bxe7 Qxe7 13. b6 $1 (13. e3 b6 $1 14.
Nd2 Rb8 15. a4 Bb7 $10) 13... axb6 14. Rxb6 Ra6 $2 (14... e4 $1 15. Ne1 $1 (15.
dxe4 fxe4 16. Nd5 Nxd5 17. Qxd5+ Kh8 18. Ng5 e3 19. f4 Rxa2 20. Bf3 Ra6 $13)
15... Ne5 16. Nc2 (16. Rb1 $5 Ra7 (16... exd3 17. Nxd3 $1 Nxc4 $2 18. Nd5 Nxd5
19. Bxd5+ Be6 20. Rxb7 Qe8 21. Nf4 $18) 17. dxe4 f4 $1 (17... Nxc4 18. exf5)
18. Nd3 (18. gxf4 Rxf4 19. Nd3 Rh4 $44) 18... fxg3 19. hxg3 Nxc4 20. Nf4 $14)
16... exd3 17. exd3 f4 $132) 15. Qb1 Qd8 16. Rxa6 $6 (16. Nd2 $1 Ne6 17. Rxa6
bxa6 18. Qb8 $16) 16... Nxa6 (16... bxa6 17. Qb6 Ne6 18. Qxd8 Rxd8 19. Rb1 $16)
17. Nd5 Nf6 18. Nd2 Nd7 (18... Nxd5 19. Bxd5+ Kh8 20. Bxb7 Bxb7 21. Qxb7 Nb4
22. a3 Nc2 23. Nf3 Nxa3 (23... Qa8 24. Qe7) 24. Qb2 Qa5 25. Ra1 Ra8 26. Qb7 $18
) 19. Qb5 Nab8 20. Rb1 Nc6 21. e3 Kh8 22. a3 (22. Nb6 Nxb6 23. Qxb6 Nb4 24.
Qxd8 Rxd8 $10) 22... Qg5 $5 (22... h6 23. Nb6 Nxb6 24. Qxb6 Qd7 25. Rb2 $16)
23. Nb6 (23. f4 $5 exf4 24. gxf4 Qh6 {xKg1}) 23... Nxb6 24. Qxb6 f4 25. Re1 Qh6
$6 $138 (25... Qf5 26. Ne4 f3 27. Bf1 Qh5 28. h4) (25... Qf6 $1 26. Ne4 (26.
Rf1 $5 Qg6) 26... Qe7 27. Nc3 f3 28. Bf1 Be6 29. Rb1 Ra8 30. Qxb7 Qxb7 31. Rxb7
Rxa3 32. Ne4 h6 33. Rb1 $14) 26. Qc7 $1 $16 Bf5 27. Qxb7 fxe3 28. fxe3 Nd4 29.
Qb2 $1 Ne6 30. Ne4 Bxe4 31. Bxe4 Ng5 32. Rf1 $1 (32. Bg2 $6 Nh3+ 33. Bxh3 Qxh3
$16) 32... g6 (32... Nh3+ 33. Kg2 Rd8 34. Qb6 $18) 33. Rxf8+ Qxf8 34. Qg2 $1
Qb8 $2 (34... Nxe4 35. Qxe4 Qb8 36. d4 $1 (36. Qd5 Kg7 $1) 36... cxd4 (36...
Qb2 $1 37. dxe5 dxe5 38. a4 $16) 37. exd4 Qa7 38. c5 Qxa3 39. cxd6 $18) 35. Bb7
$18 Qa7 (35... e4 36. Qb2+ $18) 36. h4 Nf7 37. Bd5 Nh6 38. Qb2 Nf5 39. Kf2 Qa4
40. Qb8+ Kg7 41. Qg8+ Kh6 42. Qf8+ Ng7 43. g4 1-0

[Event "Belgrade RAD 30"]
[Site "Belgrade"]
[Date "1977.01.18"]
[Round "4.4"]
[White "Andersson, Ulf"]
[Black "Ostojic, Predrag"]
[Result "1/2-1/2"]
[WhiteElo "2565"]
[BlackElo "2480"]
[Annotator "Andersson,U"]
[PlyCount "80"]
[EventDate "1977.01.15"]
[EventType "tourn"]
[EventRounds "13"]
[EventCountry "SRB"]
[EventCategory "9"]
[SourceTitle "EXT 2010"]
[Source "ChessBase"]
[SourceDate "2010.11.25"]
[SourceVersion "1"]
[SourceVersionDate "2010.11.25"]
[SourceQuality "1"]
[TimeControl "40/9000:16/5400:0"]

1. Nf3 g6 2. g3 Bg7 3. Bg2 d6 4. c4 e5 5. Nc3 f5 6. d3 Nf6 7. c5 Nc6 8. cxd6
cxd6 9. Qb3 $146 (9. Bg5 Be6 10. d4 Bf7 11. e4 h6 12. dxe5 dxe5 13. Be3 Qxd1+
14. Rxd1 Nxe4 15. Nxe4 fxe4 16. Nd2 O-O 17. Bxe4 Rad8 18. b3 Bd5 19. Bxd5+ Rxd5
20. Ne4 Nd4 21. Bxd4 exd4 22. Ke2 Ra5 23. Rd2 Re8 24. Kd3 Ra6 25. Re1 Rc6 26.
Ree2 Rf8 27. f4 g5 28. Rf2 gxf4 29. Rxf4 Rxf4 30. gxf4 Rc1 31. Nd6 Rc3+ 32. Ke4
Re3+ 33. Kf5 d3 34. Nc4 Re2 35. Rxd3 Rxh2 36. a4 a6 37. a5 Kh7 38. Rd7 Rh5+ {
Spiridonov,N-Minev,N Sofia 1970 1/2-1/2}) 9... Qe7 10. Bg5 Be6 11. Bxf6 Bxf6
12. Nd5 Bxd5 13. Qxd5 e4 14. Nd2 (14. dxe4 fxe4 15. Nd2 e3 16. fxe3 Qe5 $1 {
Inf 23/43}) 14... Nd4 15. O-O Qe5 16. Qxe5+ dxe5 17. dxe4 Nxe2+ 18. Kh1 O-O-O
19. Nb3 Kb8 20. Rad1 b6 21. Rfe1 Rxd1 22. Rxd1 Nd4 23. Nxd4 exd4 24. exf5 gxf5
25. Bf1 f4 26. gxf4 Rg8 27. Bd3 Rg7 28. Rg1 Rxg1+ 29. Kxg1 h6 30. Kg2 Kc7 31.
Kg3 h5 32. Kf3 Kd6 33. Ke4 Ke6 34. Bc4+ Ke7 35. b4 a5 36. b5 d3 37. Bxd3 Bh4
38. Kf3 Kf7 39. Ke3 Be7 40. Be2 h4 1/2-1/2

[Event "FRA-chT poule basse"]
[Site "France"]
[Date "2003.05.10"]
[Round "11.3"]
[White "Nikcevic, Nebojsa"]
[Black "Nguyen, Chi Minh"]
[Result "0-1"]
[WhiteElo "2468"]
[BlackElo "2366"]
[Annotator "Atlas,V"]
[PlyCount "65"]
[EventDate "2003.05.07"]
[EventType "team"]
[EventRounds "4"]
[EventCountry "FRA"]
[SourceTitle "CBM 095"]
[Source "ChessBase"]
[SourceDate "2003.07.25"]
[SourceVersion "1"]
[SourceVersionDate "2003.07.25"]
[SourceQuality "1"]
[WhiteTeam "Besancon"]
[BlackTeam "Noyon"]
[WhiteTeamCountry "FRA"]
[BlackTeamCountry "FRA"]

1. c4 e5 2. Nc3 Bb4 3. Nd5 a5 4. a3 Bc5 5. e3 Nc6 6. Ne2 d6 7. d4 Ba7 8. dxe5
Nxe5 9. Ng3 c6 10. Nc3 f5 11. Nh5 g6 12. Nf4 Nf6 13. b3 O-O 14. Ra2 g5 15. Nd3
Ng6 16. Be2 Be6 17. O-O Qc7 18. Bb2 Rae8 19. Ba1 Bb8 20. g3 f4 21. exf4 gxf4
22. Bf3 Bh3 23. Re1 fxg3 24. hxg3 Rxe1+ 25. Qxe1 Ba7 26. Ne2 Bg4 27. Bxg4 Nxg4
28. Nef4 N6e5 29. Qd1 Qc8 30. Kg2 $4 ({A big mistake severely punished by
Black. After} 30. Qe2 {White has good counterchances.}) {[%tqu "En","White's
last king move was a serious mistake. Do you see why?","Exploit a shaky
position of the white queen.","Sacirifice your bishop!","a7f2","After this
strike Black obtains a large advantage.",4]} 30... Bxf2 $1 {[%csl Rd1,Ge3,Rf2,
Rg2][%cal Gg4e3] A remarkable refutation of White's careless king move.} 31.
Qh1 $2 ({The bishop is invulnerable:} 31. Nxf2 Ne3+ {, winning a queen.}) ({
The text move loses on the spot. More stubborn was} 31. Qe2) 31... Nxd3 32.
Rxf2 (32. Nxd3 {leads to a nice mate final:} Ne3+ 33. Kh2 Bxg3+ 34. Kxg3 Qg4+
35. Kh2 Qh4+ 36. Kg1 Rf1#) 32... Ndxf2 33. Qh5 (33. Qh5 {, and White resigned,
as after} Qf5 {he has no compensation for the rook.}) 0-1

[Event "EU-ch 2nd"]
[Site "Ohrid"]
[Date "2001.06.07"]
[Round "7"]
[White "Piket, Jeroen"]
[Black "Kantsler, Boris"]
[Result "1-0"]
[WhiteElo "2628"]
[BlackElo "2507"]
[Annotator "Atlas,V"]
[PlyCount "79"]
[EventDate "2001.06.01"]
[EventType "swiss"]
[EventRounds "13"]
[EventCountry "YUG"]
[SourceTitle "CBM 084"]
[Source "ChessBase"]
[SourceDate "2001.09.13"]
[SourceVersion "1"]
[SourceVersionDate "2001.09.13"]
[SourceQuality "1"]

1. d4 d6 2. c4 e5 3. Nf3 e4 4. Ng5 f5 5. g3 Be7 6. Nh3 Nf6 7. Nc3 O-O 8. Bg2 c6
9. d5 Ng4 10. O-O Bf6 11. Qc2 Na6 12. Rd1 Ne5 13. b3 c5 14. a3 Nc7 15. f3 exf3
16. exf3 b5 17. cxb5 Rb8 18. Be3 Re8 19. Bf2 Nxb5 20. Nxb5 Rxb5 21. Nf4 Ng6 22.
Rab1 Nxf4 23. gxf4 a5 24. Re1 Bd7 25. Bf1 Rb8 26. Bc4 Rxe1+ 27. Rxe1 a4 28.
bxa4 Rb2 29. Qd3 Qa5 30. Rb1 Rxb1+ 31. Qxb1 Qxa4 32. Qb8+ Be8 33. Bb3 Qd7 34.
a4 {[%cal Ga4a8]} Qd8 35. Qa7 Qe7 36. Qb6 Qd8 $2 ({A wrong decision.} 36... Bc3
$5 37. a5 $140 Bd4 $1 {was to be preferred.}) 37. a5 Qxb6 $4 {A decisive
mistake.} 38. axb6 Bd8 {[%tqu "En","The passed pawn b6 is White's main trump
in this position. Do you see the way to finish the game victoriously?","Try to
use the diagonal a2-g8.","Use your dark-squared bishop.","f2c5","This bishop
sacrifice elegantly concludes the game.",6]} 39. Bxc5 $1 {[%csl Gb3,Rc7,Rg8]
[%cal Gb3g8,Gd5d6,Gb6b7,Gd6c7]} ({Much weaker was} 39. b7 $6 Bc7 40. Bxc5 Bb8
41. Bb6 Bb5 $11) 39... Ba4 ({The last desperate attempt to save the game.} 
39... dxc5 40. b7 ({Premature} 40. d6+ $2 {is elegantly refuted by} c4 $1 41.
b7 (41. Bxc4+ Kf8 42. b7 Bb6+ 43. Kg2 Ba7) 41... Bb6+ 42. Kg2 Ba7 43. Bxc4+ Kf8
44. Be6 Bc6) 40... Bc7 41. d6+ {winning.}) 40. Ba2 $1 {[%cal Gb6b8]} (40. Bc4 {
is strongly met by} Bb5 $1 41. Ba2 Ba6 {After the text move Black is
defenseless.}) 1-0